Indian social problems : (Record no. 95889)

MARC details
000 -LEADER
fixed length control field 00963nam a22002297a 4500
005 - DATE AND TIME OF LATEST TRANSACTION
control field 20170713103908.0
010 ## - LCCN (DPL NO)
LC control number 1516EN07 ENG-114886
020 ## - INTERNATIONAL STANDARD BOOK NUMBER
International Standard Book Number 9789384857950
Terms of availability 299.00
035 ## - SYSTEM CONTROL NUMBER
System control number EN-98418
035 ## - SYSTEM CONTROL NUMBER
System control number B-668015
037 ## - SOURCE OF ACQUISITION
Stock number DPL
Source of stock number/acquisition Techniz
037 ## - SOURCE OF ACQUISITION
Source of stock number/acquisition DBAD/PUB
082 ## - DEWEY DECIMAL CLASSIFICATION NUMBER
Classification number 361.10954
100 ## - MAIN ENTRY--PERSONAL NAME
Personal name Shankar Rao, C.N.
245 ## - TITLE STATEMENT
Title Indian social problems :
Statement of responsibility, etc by C.N.Shankar Rao
Remainder of title a sociological perspective : for undergraduate and postgraduate of all the ............various state administrative examinations /
260 ## - PUBLICATION, DISTRIBUTION, ETC. (IMPRINT)
Place of publication, distribution, etc New Delhi
Name of publisher, distributor, etc S.Chand
Date of publication, distribution, etc 2015
270 ## - ADDRESS
Address 7361, Ram Nagar
City New Delhi
Postal code 110055
300 ## - PHYSICAL DESCRIPTION
Extent xvii, 645p.:
Other physical details ill.
Dimensions 24cm(pbk)
500 ## - GENERAL NOTE
General note Includes bibliographical refrences
942 ## - ADDED ENTRY ELEMENTS (KOHA)
Source of classification or shelving scheme Dewey Decimal Classification
Item type English Books
Call number suffix SHA
Classification part 361.10954
Holdings
Withdrawn status Lost status Not for loan Collection code Home library Current library Date acquired Source of acquisition Cost, normal purchase price Full call number Barcode Copy number Cost, replacement price Koha item type
      Non-fiction Ashok Vihar Ashok Vihar 13/07/2017 BPPD/EN/2015-16/AV/16-17/407/15.2.2017/17434/24.2.2017/ 18.3.2017 299.00 361.10954 SHA B-668015 1 299.00 English Books
      Non-fiction Bawana Bawana 11/02/2016 DBAD/PUB 299.00 361.10954 SHA EN-98418 1 299.00 English Books

© Delhi Public Library
Hit Counter
free hit counter